000 00411nam a2200157Ia 4500
008 230524s9999 xx 000 0 und d
082 _a540
_bGUS
100 _aO.P.Tandon
245 2 _aA Text Book of Physical Chemistry for Competitions (IIT Entrance)
250 _a7TH
260 _aNEW DELHI
_bG.R.Bathla
_c2006
300 _aXII;988
500 _aQuantity Number: 2
650 _aChemistry
942 _cBK
999 _c35486
_d35486